| 000 | 00743nam a2200205 a 4500 | ||
|---|---|---|---|
| 003 | 0 | ||
| 005 | 20250313125547.0 | ||
| 008 | 080723s19uu xx 00 eng d | ||
| 050 |
_aPGS BF 723.R6 _b.K14 2008 |
||
| 100 | _aKalingasan, Jazz J. | ||
| 245 |
_aChoice of role models and leadership style of SISC students / _cJazz J. Kalingasan. |
||
| 260 |
_aLas PiƱas City, Philippines : _bSouthville International School and Colleges, _c2008. |
||
| 300 |
_a40 pages : _billustrations ; _c28 cm. |
||
| 504 | _aIncludes bibliographical references. | ||
| 650 | _aRole models in adolescence. | ||
| 650 | _aLeadership in children. | ||
| 650 | _aStudent leadership. | ||
| 650 |
_aLeadership _v Psychological aspects. |
||
| 942 |
_2lcc _cPASS |
||
| 999 |
_c97905 _d97905 |
||